[Event "10. Lichtenberger Sommer"]
[Site "Berlin"]
[Date "2011.08.14"]
[Round "2.10"]
[White "Bruedigam, Martin"]
[Black "Rosebrock, Timotej Alexander"]
[Result "1-0"]
[WhiteElo "2322"]
[BlackElo "1934"]
[PlyCount "35"]
[EventDate "2011.??.??"]
[WhiteTeam "USV Potsdam e.V., Abt. Schach"]
[BlackTeam "Basel SG"]

1. e4 e5 2. Nf3 Nf6 3. Nxe5 d6 4. Nf3 Nxe4 5. Bd3 d5 6. Qe2 Qe7 7. O-O Nc6 8.
Re1 Nf6 9. Bb5 Bd7 10. Bxc6 Bxc6 11. Qf1 Ne4 12. d3 Qc5 13. Nc3 O-O-O 14. Be3
d4 15. Nxe4 Bxe4 16. Bxd4 Rxd4 17. Nxd4 Bxg2 18. Qxg2 1-0

[Event "10. Lichtenberger Sommer"]
[Site "Berlin"]
[Date "2011.08.14"]
[Round "2.11"]
[White "Weichlein, Paul"]
[Black "Bruchmann, Stephan"]
[Result "0-1"]
[WhiteElo "1973"]
[BlackElo "2304"]
[PlyCount "82"]
[EventDate "2011.??.??"]
[WhiteTeam "SAbt TSV Haunstetten"]
[BlackTeam "SC Rotation Pankow e.V."]

1. d4 d5 2. c4 e6 3. Nf3 c6 4. g3 Bd6 5. Bg2 f5 6. O-O Nf6 7. b3 Qe7 8. a4 a5
9. Ba3 Bxa3 10. Nxa3 O-O 11. Nc2 b6 12. Nce1 Na6 13. Nd3 Bb7 14. Ng5 Ne4 15.
Nxe4 dxe4 16. Ne5 Rad8 17. e3 c5 18. Qd2 Rd6 19. Qc3 Nb4 20. Rfd1 Rfd8 21. Rd2
Nc6 22. Nxc6 Bxc6 23. Rad1 Qf6 24. Qc1 cxd4 25. c5 bxc5 26. Qxc5 d3 27. Qxa5
Bd5 28. Qb5 Qc3 29. Ra2 Qxb3 30. Raa1 Qxb5 31. axb5 Rb6 32. Ra5 Bb3 33. Rd2 Rc8
34. f3 Rc2 35. Rxc2 dxc2 36. Ra8+ Kf7 37. Rc8 Rd6 38. Bf1 exf3 39. Kf2 Rd2+ 40.
Kxf3 Bd5+ 41. e4 Bxe4+ 0-1

[Event "10. Lichtenberger Sommer"]
[Site "Berlin"]
[Date "2011.08.14"]
[Round "2.12"]
[White "Oberhofer, Andre"]
[Black "Dreke, Frank"]
[Result "1-0"]
[WhiteElo "2308"]
[BlackElo "2030"]
[PlyCount "96"]
[EventDate "2011.??.??"]
[WhiteTeam "Saarbrücker Gambit 89 e.V."]
[BlackTeam "Treptower SV 1949 e.V."]

1. e4 Nf6 2. e5 Nd5 3. d4 d6 4. exd6 exd6 5. Nf3 Be7 6. Be2 Bg4 7. O-O O-O 8.
c4 Nb6 9. Be3 Nc6 10. Nbd2 Bf6 11. h3 Bf5 12. a3 a5 13. b3 Re8 14. Re1 Qd7 15.
Nf1 a4 16. b4 d5 17. c5 Nc4 18. Bg5 Bxg5 19. Nxg5 h6 20. Nf3 b5 21. Bxc4 Rxe1
22. Nxe1 dxc4 23. d5 Rd8 24. Ne3 Ne7 25. Qf3 Bd3 26. Nxd3 cxd3 27. Rd1 Nxd5 28.
Rxd3 c6 29. Nf5 Re8 30. Qg4 Re1+ 31. Kh2 Qc7+ 32. Rg3 g6 33. Nxh6+ Kf8 34. Qd4
Qe5 35. Qg4 Qc7 36. Qf3 Re6 37. h4 Nf4 38. Rg4 Nd3+ 39. Qg3 Qxg3+ 40. Rxg3 Nb2
41. Ng4 Nc4 42. Rd3 Re2 43. Nf6 Rxf2 44. Nd7+ Ke7 45. Nb8 Rf6 46. g4 Ne5 47.
Re3 Re6 48. Rxe5 Rxe5 1-0

[Event "10. Lichtenberger Sommer"]
[Site "Berlin"]
[Date "2011.08.14"]
[Round "2.13"]
[White "Klyszcz, Michael"]
[Black "Meissner, Felix"]
[Result "0-1"]
[WhiteElo "2064"]
[BlackElo "2268"]
[PlyCount "78"]
[EventDate "2011.??.??"]
[WhiteTeam "SG 1871 Löberitz"]
[BlackTeam "Hamburger SK von 1830 eV"]

1. Nf3 Nf6 2. g3 d5 3. Bg2 c6 4. O-O Bf5 5. d3 h6 6. Nbd2 e6 7. b3 Nbd7 8. Bb2
Be7 9. Ne5 Nxe5 10. Bxe5 O-O 11. e4 Bh7 12. Qe2 Re8 13. Kh1 a5 14. a4 Bb4 15.
c3 Bf8 16. f4 Nd7 17. Bd4 e5 18. fxe5 Nxe5 19. Bxe5 Rxe5 20. Qf3 Bg6 21. d4
dxe4 22. Qe2 Re8 23. Rae1 c5 24. dxc5 e3 25. Nc4 Bxc5 26. Rd1 Qe7 27. Rd5 Rad8
28. Rfd1 Rxd5 29. Rxd5 b6 30. Ne5 Bf5 31. Nd3 Be6 32. Re5 Qd6 33. b4 axb4 34.
cxb4 Bd4 35. Re4 Rd8 36. Nf4 Bf5 37. Nd5 Bxe4 38. Bxe4 Qe5 39. Qg4 e2 0-1

[Event "10. Lichtenberger Sommer"]
[Site "Berlin"]
[Date "2011.08.14"]
[Round "2.14"]
[White "Reichenbach, Werner"]
[Black "Yin, Stanley"]
[Result "1-0"]
[WhiteElo "2313"]
[BlackElo "1990"]
[PlyCount "53"]
[EventDate "2011.??.??"]
[WhiteTeam "Schachclub Oberkrämer"]
[BlackTeam "SC Caissa Schwarzenbach"]

1. e4 g6 2. d4 d6 3. Nc3 Nf6 4. f4 Bg7 5. Nf3 b6 6. Bd3 c5 7. d5 O-O 8. O-O Ba6
9. Kh1 c4 10. Be2 b5 11. a3 Qb6 12. Qe1 Bb7 13. Qh4 Nbd7 14. f5 a5 15. fxg6
hxg6 16. Ng5 Rfc8 17. Bg4 Rc7 18. Bxd7 Rxd7 19. Rf3 Bc8 20. Be3 Qb7 21. Raf1
Rc7 22. e5 dxe5 23. d6 Rc6 24. dxe7 Bf5 25. Nd5 Nh5 26. Rxf5 gxf5 27. Qxh5 1-0

[Event "10. Lichtenberger Sommer"]
[Site "Berlin"]
[Date "2011.08.14"]
[Round "2.16"]
[White "Baumbach, Friedrich"]
[Black "Muskewitz, Bernd"]
[Result "0-1"]
[WhiteElo "2275"]
[BlackElo "1998"]
[PlyCount "56"]
[EventDate "2011.??.??"]
[WhiteTeam "SC Friesen Lichtenberg e.V."]
[BlackTeam "TSG Oberschöneweide e.V."]

1. d4 d5 2. c4 dxc4 3. Nf3 Nf6 4. Nc3 a6 5. e4 b5 6. e5 Nd5 7. a4 Nxc3 8. bxc3
Qd5 9. Be2 Bb7 10. O-O e6 11. Bg5 h6 12. Bh4 c5 13. dxc5 Bxc5 14. Qc2 O-O 15.
Rfd1 Qc6 16. Qd2 Qb6 17. Rdb1 Qc6 18. Rd1 Qc7 19. Qb2 Nc6 20. Bg3 Ne7 21. axb5
axb5 22. Qxb5 Bd5 23. Nd4 Rxa1 24. Rxa1 Rb8 25. Qa4 Bxd4 26. cxd4 Nf5 27. Rd1
c3 28. Bd3 Bb3 0-1

[Event "10. Lichtenberger Sommer"]
[Site "Berlin"]
[Date "2011.08.14"]
[Round "2.17"]
[White "Kievelitz, Bernd"]
[Black "Foerster, Jonas"]
[Result "0-1"]
[WhiteElo "2070"]
[BlackElo "2230"]
[PlyCount "100"]
[EventDate "2011.??.??"]
[WhiteTeam "SC Zitadelle Spandau 1977 e.V."]
[BlackTeam "SSC Rostock 07"]

1. Nf3 g6 2. d4 Bg7 3. e4 c5 4. c3 Qa5 5. Bd3 cxd4 6. O-O Nc6 7. Nxd4 Nxd4 8.
cxd4 Bxd4 9. Bc4 Bg7 10. Qb3 e6 11. Nc3 a6 12. Bd2 Qd8 13. a4 Ne7 14. a5 O-O
15. Na4 d5 16. exd5 exd5 17. Bd3 Nc6 18. Nb6 Rb8 19. Bf4 Be5 20. Bxe5 Nxe5 21.
f4 Nxd3 22. Qxd3 Be6 23. Rad1 Qf6 24. Nxd5 Bxd5 25. Qxd5 Qxb2 26. f5 b6 27.
fxg6 hxg6 28. Rb1 Qc3 29. axb6 Qe3+ 30. Kh1 Rxb6 31. Rbe1 Rf6 32. h3 Rxf1+ 33.
Rxf1 Qc3 34. Rf3 Qc1+ 35. Kh2 Qc7+ 36. Kh1 Re8 37. Rf1 Re6 38. Qa2 Qe5 39. Rd1
Qc3 40. Rf1 Rf6 41. Ra1 Kg7 42. Kh2 Qe5+ 43. Kh1 a5 44. Rd1 Rf5 45. Qa4 Rf4 46.
Qa1 Qxa1 47. Rxa1 a4 48. g3 Rb4 49. Ra3 f5 50. Kg2 Kf6 0-1

[Event "10. Lichtenberger Sommer"]
[Site "Berlin"]
[Date "2011.08.14"]
[Round "2.18"]
[White "Kapp, Martin"]
[Black "Kapp, Stefan"]
[Result "1/2-1/2"]
[WhiteElo "2209"]
[BlackElo "1991"]
[PlyCount "104"]
[EventDate "2011.??.??"]
[WhiteTeam "TSV IFA Chemnitz"]
[BlackTeam "TSV IFA Chemnitz"]

1. e4 c6 2. d4 d5 3. Nc3 dxe4 4. Nxe4 Nf6 5. Nxf6+ exf6 6. Bc4 Bd6 7. Qe2+ Qe7
8. Nf3 Qxe2+ 9. Kxe2 Be6 10. Bd3 Nd7 11. c4 O-O 12. Be3 Rfe8 13. Rhd1 Nf8 14.
h3 Ng6 15. d5 cxd5 16. cxd5 Bd7 17. Kf1 Ne5 18. Be2 Nxf3 19. Bxf3 b6 20. a4
Rac8 21. a5 Rc2 22. axb6 axb6 23. Rd2 Rxd2 24. Bxd2 Bb5+ 25. Kg1 h6 26. Be3 Rb8
27. Ra7 f5 28. Bh5 g6 29. Bf3 Be5 30. Bxh6 Bxb2 31. Bf4 Rd8 32. Bc7 Rd7 33.
Bxb6 Rxa7 34. Bxa7 Ba3 35. Bb8 Kf8 36. d6 Bc5 37. g3 Ke8 38. Bd5 g5 39. h4 f4
40. Kg2 fxg3 41. fxg3 gxh4 42. gxh4 Kd7 43. Bxf7 Bxd6 44. Ba7 Ke7 45. Bd5 Kf6
46. Kf3 Bd7 47. Be3 Bf5 48. h5 Be5 49. Bc6 Kg7 50. h6+ Kh7 51. Be8 Bd6 52. Bg5
Bf8 1/2-1/2

[Event "10. Lichtenberger Sommer"]
[Site "Berlin"]
[Date "2011.08.14"]
[Round "2.19"]
[White "Barwich, Andreas"]
[Black "Kohler, Thomas"]
[Result "0-1"]
[WhiteElo "1963"]
[BlackElo "2255"]
[PlyCount "90"]
[EventDate "2011.??.??"]
[WhiteTeam "SV Berolina Mitte e.V."]
[BlackTeam "SC Zitadelle Spandau 1977 e.V."]

1. Nf3 Nf6 2. d4 g6 3. g3 Bg7 4. Bg2 O-O 5. O-O d5 6. Ne5 c5 7. c3 Qb6 8. dxc5
Qxc5 9. Be3 Qc7 10. Bd4 Nc6 11. Nxc6 bxc6 12. f4 Bf5 13. h3 h5 14. Nd2 Rfe8 15.
b4 e5 16. fxe5 Rxe5 17. Bxe5 Qxe5 18. Rxf5 Qxf5 19. Rc1 Bh6 20. Qc2 Qe5 21. Rf1
Kg7 22. e4 Qxg3 23. Rf3 Qe1+ 24. Nf1 dxe4 25. Qf2 Qxf2+ 26. Rxf2 Rd8 27. Re2
Rd3 28. c4 Rd4 29. Rc2 Nd7 30. Ng3 f5 31. b5 c5 32. a4 Ne5 33. Bf1 Be3+ 34. Kg2
f4 35. Nh1 f3+ 36. Kg3 g5 37. h4 Bf4+ 38. Kf2 g4 39. Ke1 e3 40. a5 g3 41. a6
Nd7 42. Bh3 Nb6 43. Bf1 Na4 44. Ra2 Nc3 45. Ra1 f2+ 0-1

[Event "10. Lichtenberger Sommer"]
[Site "Berlin"]
[Date "2011.08.14"]
[Round "2.20"]
[White "Weber, Dirk"]
[Black "Schwarz, Oliver"]
[Result "1-0"]
[WhiteElo "2271"]
[BlackElo "1960"]
[PlyCount "89"]
[EventDate "2011.??.??"]
[WhiteTeam "SV Königsspringer Braunschweig"]
[BlackTeam "SV Königsjäger Süd-West e.V."]

1. e4 e6 2. d4 d5 3. Nc3 Nf6 4. Bg5 dxe4 5. Nxe4 Be7 6. Bxf6 gxf6 7. Nf3 f5 8.
Ng3 c5 9. Qd2 cxd4 10. O-O-O Nc6 11. Bb5 a6 12. Bxc6+ bxc6 13. Qxd4 Qxd4 14.
Nxd4 Bb7 15. Rhe1 Bg5+ 16. Kb1 O-O-O 17. Nf3 Rxd1+ 18. Rxd1 Rd8 19. Rxd8+ Bxd8
20. Ne5 f6 21. Nd3 Be7 22. b4 c5 23. Nxc5 Bxc5 24. bxc5 Bxg2 25. Nh5 Bf3 26.
Nxf6 h5 27. Kb2 Kc7 28. Kc3 e5 29. Ng8 Bd5 30. Ne7 Bxa2 31. Nxf5 a5 32. Nd6 Kc6
33. Nc4 Kxc5 34. Nxe5 Be6 35. Nd3+ Kb5 36. h4 Bf7 37. Ne5 Be8 38. Kd4 a4 39.
c4+ Kb4 40. Nd3+ Kb3 41. f4 a3 42. f5 Bf7 43. c5 Kc2 44. c6 Be8 45. c7 1-0

[Event "10. Lichtenberger Sommer"]
[Site "Berlin"]
[Date "2011.08.14"]
[Round "2.21"]
[White "Gebert, Ralf"]
[Black "Jahnz, Fabian"]
[Result "0-1"]
[WhiteElo "2039"]
[BlackElo "2211"]
[PlyCount "80"]
[EventDate "2011.??.??"]
[WhiteTeam "SG Güstrow/Teterow"]
[BlackTeam "SK König Tegel 1949 e.V."]

1. e4 e5 2. Nf3 Nc6 3. d4 exd4 4. Nxd4 Nf6 5. Nc3 Bb4 6. Nxc6 bxc6 7. Bd3 d6 8.
Bg5 h6 9. Bd2 Ng4 10. Be2 Bc5 11. O-O Qh4 12. Bxg4 Bxg4 13. Qe1 Qh5 14. Be3 Bb4
15. a3 Ba5 16. Qd2 O-O 17. f3 Be6 18. Qf2 Bxc3 19. bxc3 c5 20. Qe2 f5 21. e5
Qf7 22. Rfd1 Bc4 23. Qd2 f4 24. Bf2 Rae8 25. Re1 Re6 26. Re4 d5 27. Ree1 Qe7
28. Rab1 Rb6 29. a4 Rg6 30. Rb7 a6 31. Kh1 Rf5 32. Rg1 Qxe5 33. Bxc5 Rh5 34. h3
Qf5 35. Rxc7 Rg3 36. Re1 Rgxh3+ 37. Kg1 Qg5 38. Re8+ Kh7 39. Rxg7+ Qxg7 40. Re7
Rh1+ 0-1

[Event "10. Lichtenberger Sommer"]
[Site "Berlin"]
[Date "2011.08.14"]
[Round "2.22"]
[White "Skibbe, Willi"]
[Black "Mai, Andreas"]
[Result "0-1"]
[WhiteElo "2213"]
[BlackElo "1943"]
[PlyCount "88"]
[EventDate "2011.??.??"]
[WhiteTeam "SSC Rostock 07"]
[BlackTeam "SC Friesen Lichtenberg e.V."]

1. c4 g6 2. g3 Bg7 3. Bg2 Nf6 4. Nc3 O-O 5. e4 e5 6. Nge2 Nc6 7. O-O d6 8. d3
Ne8 9. Rb1 Ne7 10. b4 c6 11. c5 Be6 12. Be3 d5 13. d4 dxe4 14. Bxe4 f5 15. Bg2
e4 16. Re1 Nf6 17. Nf4 Bf7 18. f3 g5 19. Nfe2 Nfd5 20. Qd2 Nxe3 21. Qxe3 exf3
22. Bxf3 f4 23. gxf4 Nf5 24. Qf2 Nxd4 25. Rbd1 Nxe2+ 26. Nxe2 Qf6 27. Rd6 Qf5
28. Ng3 Qxf4 29. Re4 Qc1+ 30. Rd1 Qa3 31. Rd7 Qxa2 32. Qxa2 Bxa2 33. Ree7 Bc3
34. Be4 Rad8 35. Rxb7 Rd1+ 36. Kg2 Rd2+ 37. Kh3 g4+ 38. Kxg4 Rxh2 39. Rxh7 Be6+
40. Kg5 Rhf2 41. Bxc6 R8f4 42. Kh6 Rh4+ 43. Nh5 Bd2+ 44. Kg6 Rg4# 0-1

[Event "10. Lichtenberger Sommer"]
[Site "Berlin"]
[Date "2011.08.14"]
[Round "2.23"]
[White "Koenig, Frank"]
[Black "Schulz, Michael"]
[Result "0-1"]
[WhiteElo "1975"]
[BlackElo "2233"]
[PlyCount "70"]
[EventDate "2011.??.??"]
[WhiteTeam "BSG 1827 Eckbauer e.V."]
[BlackTeam "SC Empor Potsdam 1952 e.V."]

1. Nf3 b5 2. g3 Bb7 3. Bg2 Nf6 4. O-O e6 5. d3 d5 6. e4 Be7 7. e5 Nfd7 8. d4 c5
9. c3 Nc6 10. Qe2 b4 11. Be3 a5 12. Nbd2 O-O 13. Rfc1 bxc3 14. bxc3 Ba6 15. Qd1
Bd3 16. Ne1 Bg6 17. Nf1 c4 18. Nc2 Rb8 19. Rcb1 Qc7 20. f4 Rxb1 21. Rxb1 Rb8
22. g4 Nb6 23. Ng3 Bd3 24. Bd2 Na4 25. Bf1 g6 26. Bxd3 cxd3 27. Ne1 Nb2 28. Qf3
Nc4 29. Rxb8+ Qxb8 30. Qxd3 Qb2 31. Nf3 Qxa2 32. f5 Qb3 33. Nh5 Qd1+ 34. Kf2
gxh5 35. f6 hxg4 0-1

[Event "10. Lichtenberger Sommer"]
[Site "Berlin"]
[Date "2011.08.14"]
[Round "2.24"]
[White "Bruening, Wolfgang"]
[Black "Stark, Ingo"]
[Result "0-1"]
[WhiteElo "1958"]
[BlackElo "2166"]
[PlyCount "50"]
[EventDate "2011.??.??"]
[WhiteTeam "Queer-Springer SSV Berlin"]
[BlackTeam "TSG Oberschöneweide e.V."]

1. Nf3 Nf6 2. d4 e6 3. e3 c5 4. Bd3 b6 5. O-O Bb7 6. b3 Be7 7. Bb2 O-O 8. Nbd2
d6 9. c4 Nbd7 10. Qe2 Qc7 11. Rac1 Rfe8 12. e4 cxd4 13. Nxd4 Rad8 14. f3 Bf8
15. Kh1 Qb8 16. g4 d5 17. cxd5 exd5 18. Bb5 dxe4 19. Bc6 exf3 20. Qxf3 Ne5 21.
Qg2 Nxc6 22. Nxc6 Qa8 23. Rxf6 gxf6 24. Ne4 Rxe4 25. Qxe4 Rd1+ 0-1

[Event "10. Lichtenberger Sommer"]
[Site "Berlin"]
[Date "2011.08.14"]
[Round "2.26"]
[White "Grassi, Fabrizio"]
[Black "Lerch, Philipp"]
[Result "0-1"]
[WhiteElo "1960"]
[BlackElo "2078"]
[PlyCount "72"]
[EventDate "2011.??.??"]
[WhiteTeam "SV Berlin-Friedrichstadt"]
[BlackTeam "SK König Tegel 1949 e.V."]

1. d4 e6 2. Bf4 Nf6 3. e3 b6 4. Nf3 Bb7 5. Bd3 Be7 6. h3 O-O 7. O-O Ne4 8. Nbd2
f5 9. c3 d5 10. Ne5 Nxd2 11. Qxd2 Nd7 12. Nxd7 Qxd7 13. a4 c5 14. b4 c4 15. Bc2
Bf6 16. Rae1 Bc6 17. Ra1 Qe7 18. Rfe1 g5 19. Bh2 Qg7 20. Qe2 Kh8 21. a5 b5 22.
Rad1 Rg8 23. Rd2 Be8 24. f3 Bf7 25. e4 f4 26. exd5 exd5 27. Qf2 Rae8 28. Kf1
Bg6 29. Rde2 Ref8 30. Re6 h5 31. Qd2 g4 32. hxg4 hxg4 33. fxg4 Bxc2 34. Qxc2
Qxg4 35. Qe2 f3 36. gxf3 Qh3+ 0-1

[Event "10. Lichtenberger Sommer"]
[Site "Berlin"]
[Date "2011.08.14"]
[Round "2.27"]
[White "Heuser, Philip"]
[Black "Reiche, Andreas"]
[Result "1-0"]
[WhiteElo "2146"]
[BlackElo "1848"]
[PlyCount "73"]
[EventDate "2011.??.??"]
[WhiteTeam "SG Heidelberg-Kirchheim"]
[BlackTeam "SV Berolina Mitte e.V."]

1. d4 d5 2. c4 e6 3. Nc3 Nf6 4. cxd5 exd5 5. Bg5 Be7 6. e3 O-O 7. Bd3 c5 8. Nf3
Nc6 9. O-O cxd4 10. Nxd4 Ne5 11. Be2 a6 12. Qb3 Nc6 13. Rfd1 Na5 14. Qc2 Be6
15. Bd3 h6 16. Bh4 Rc8 17. Rac1 Nc6 18. Nxe6 fxe6 19. Qd2 Nh5 20. Bg3 Nxg3 21.
hxg3 Ne5 22. Bb1 Ng4 23. Qd3 Rxf2 24. Qh7+ Kf8 25. Rf1 Rxf1+ 26. Rxf1+ Nf6 27.
Bg6 Bc5 28. Qh8+ Ke7 29. Qxg7+ Kd6 30. Rxf6 Bxe3+ 31. Kh2 Bd4 32. Rxe6+ Kxe6
33. Qxd4 Qg5 34. Nxd5 Rg8 35. Nf4+ Ke7 36. Qe4+ Kd6 37. Qe6+ 1-0

[Event "10. Lichtenberger Sommer"]
[Site "Berlin"]
[Date "2011.08.14"]
[Round "2.28"]
[White "Barwich, Alfred"]
[Black "Noetzel, Felix"]
[Result "0-1"]
[WhiteElo "1959"]
[BlackElo "2090"]
[PlyCount "64"]
[EventDate "2011.??.??"]
[WhiteTeam "SV Berolina Mitte e.V."]
[BlackTeam "SC Borussia Friedrichsfelde 1920"]

1. d4 d5 2. c4 e6 3. Nc3 c6 4. e3 f5 5. Nf3 Nf6 6. a3 Bd6 7. cxd5 exd5 8. g3
O-O 9. Bd3 Ne4 10. Qc2 Nd7 11. O-O Rf6 12. Ne2 Rh6 13. b4 Qe8 14. Nf4 Ndf6 15.
Ne5 g5 16. Ng2 Ng4 17. f3 Nxe5 18. dxe5 Bxe5 19. Bb2 Qh5 20. Nf4 gxf4 21. Bxe5
fxg3 22. fxe4 fxe4 23. Bxg3 exd3 24. Qxd3 Bh3 25. Rf4 Re8 26. Re1 Qg5 27. Re2
Rg6 28. Kh1 Qe5 29. Re1 Qb2 30. Re2 Qa1+ 31. Re1 Qxe1+ 32. Bxe1 Bg2+ 0-1

[Event "10. Lichtenberger Sommer"]
[Site "Berlin"]
[Date "2011.08.14"]
[Round "2.29"]
[White "Amelang, Thomas"]
[Black "Keusch, Horst"]
[Result "1-0"]
[WhiteElo "2152"]
[BlackElo "2004"]
[PlyCount "59"]
[EventDate "2011.??.??"]
[WhiteTeam "SK Siemens München"]
[BlackTeam "SC Friesen Lichtenberg e.V."]

1. e4 e6 2. d4 d5 3. exd5 exd5 4. Bd3 Bd6 5. Qf3 c6 6. Ne2 Qf6 7. Qxf6 Nxf6 8.
Bg5 Nbd7 9. Nbc3 O-O 10. f3 b5 11. a3 Re8 12. g4 h6 13. Bd2 Nh7 14. Kf2 Ndf8
15. Ng3 Ne6 16. Nce2 Bd7 17. b4 a6 18. h4 Nef8 19. g5 hxg5 20. hxg5 g6 21. Rh4
Ne6 22. f4 Kg7 23. Rah1 Rh8 24. f5 Bxg3+ 25. Nxg3 Nef8 26. Bf4 Re8 27. Be5+ Kg8
28. Bxh8 Kxh8 29. fxg6 fxg6 30. Bxg6 1-0

[Event "10. Lichtenberger Sommer"]
[Site "Berlin"]
[Date "2011.08.14"]
[Round "2.30"]
[White "Benninger, Rudolf"]
[Black "Lagunow, Raphael"]
[Result "0-1"]
[WhiteElo "2154"]
[BlackElo "1749"]
[PlyCount "84"]
[EventDate "2011.??.??"]
[WhiteTeam "SC Heusenstamm"]
[BlackTeam "TuS Makkabi Berlin e.V."]

1. e4 e5 2. Nf3 Nc6 3. Bb5 a6 4. Ba4 Nf6 5. d3 b5 6. Bb3 Bc5 7. O-O d6 8. a4
Rb8 9. Bg5 h6 10. Bh4 Be6 11. Nbd2 O-O 12. axb5 axb5 13. c3 Bb6 14. Re1 g5 15.
Bg3 Qe7 16. Bc2 Nh7 17. Nf1 Qf6 18. Ne3 Rbd8 19. Nd5 Bxd5 20. exd5 Ne7 21. d4
exd4 22. Qd3 Ng6 23. cxd4 b4 24. h4 g4 25. Ne5 dxe5 26. dxe5 Qg7 27. e6 Ne7 28.
exf7+ Rxf7 29. Bb3 Kh8 30. Be5 Bxf2+ 31. Kh1 Nf6 32. d6 cxd6 33. Rf1 dxe5 34.
Qxd8+ Rf8 35. Qd3 g3 36. Ra6 Qg4 37. Rxf2 Qxh4+ 38. Kg1 gxf2+ 39. Kf1 Qh1+ 40.
Kxf2 Ne4+ 41. Ke3 Qe1+ 42. Qe2 Nf5+ 0-1

[Event "10. Lichtenberger Sommer"]
[Site "Berlin"]
[Date "2011.08.14"]
[Round "2.31"]
[White "Schleich, Theodor"]
[Black "Tscheuschner, Georg"]
[Result "1-0"]
[WhiteElo "2120"]
[BlackElo "1837"]
[PlyCount "64"]
[EventDate "2011.??.??"]
[WhiteTeam "FC Bayern München e.V."]
[BlackTeam "SG Grün-Weiß Baumschulenweg e.V."]

1. d4 d5 2. Bg5 Nf6 3. Bxf6 exf6 4. e3 c6 5. c4 Qb6 6. Qc2 Na6 7. Nc3 Bf5 8.
Qd2 Rd8 9. cxd5 Bb4 10. dxc6 O-O 11. Nf3 Qxc6 12. Bd3 Bxd3 13. Qxd3 Nc5 14. Qc2
Ne4 15. Rc1 Rc8 16. O-O Nxc3 17. bxc3 Bxc3 18. Qb3 b5 19. Ne1 a5 20. Nd3 a4 21.
Qb1 Qb6 22. Nc5 Qa5 23. Rc2 b4 24. Rfc1 f5 25. Re2 Qb5 26. Rec2 Qa5 27. a3 Ra8
28. Nd3 Rab8 29. axb4 Bxb4 30. Rb2 Bd6 31. Rxb8 Rxb8 32. Qxb8+ Bf8 1-0

[Event "10. Lichtenberger Sommer"]
[Site "Berlin"]
[Date "2011.08.14"]
[Round "2.33"]
[White "Albrecht, Rainer"]
[Black "Axmann, Steffen"]
[Result "0-1"]
[WhiteElo "2125"]
[BlackElo "1893"]
[PlyCount "106"]
[EventDate "2011.??.??"]
[WhiteTeam "SC Kreuzberg e.V."]
[BlackTeam "Sfr.Nord-Ost Berlin"]

1. d4 Nf6 2. c4 d6 3. Nc3 g6 4. e4 Bg7 5. Nge2 O-O 6. Ng3 e5 7. d5 c6 8. Be2
Qc7 9. h4 h6 10. Be3 Bd7 11. h5 g5 12. Nf1 Nh7 13. Bg4 a6 14. Rc1 Bc8 15. Bxc8
Rxc8 16. Ng3 Nd7 17. Nf5 Bf8 18. O-O Re8 19. g3 Rad8 20. Kh1 Nb6 21. b3 Nc8 22.
f4 exf4 23. gxf4 Ne7 24. fxg5 hxg5 25. Qg4 Nxf5 26. Rxf5 f6 27. Rcf1 Bg7 28.
Ne2 c5 29. Bd2 Rd7 30. Bc3 Rf7 31. Ng3 Qe7 32. e5 dxe5 33. Bxe5 Qd7 34. Bc3
Rfe7 35. Kg2 b5 36. Kh3 bxc4 37. bxc4 Re3 38. Bd2 R8e4 39. Qxe4 Rxe4 40. Nxe4
Qa4 41. Nc3 Qxc4 42. R1f2 Qh4+ 43. Kg2 g4 44. Kg1 Ng5 45. Bxg5 fxg5 46. Ne2 g3
47. Rg2 Bd4+ 48. Kf1 Qh1+ 49. Ng1 Bxg1 50. Rxg1 g2+ 51. Kf2 Qh4+ 52. Kf3 Qh3+
53. Ke4 Qg4+ 0-1

[Event "10. Lichtenberger Sommer"]
[Site "Berlin"]
[Date "2011.08.14"]
[Round "2.34"]
[White "Getzuhn, Detlef"]
[Black "Kollberg, Lothar"]
[Result "0-1"]
[WhiteElo "1931"]
[BlackElo "2237"]
[PlyCount "28"]
[EventDate "2011.??.??"]
[WhiteTeam "SV Senat (FV Schach)"]
[BlackTeam "SC Rotation Pankow e.V."]

1. e4 g6 2. d4 Bg7 3. c4 d6 4. Nc3 Nf6 5. h3 O-O 6. Nf3 Nbd7 7. Bd3 e5 8. Be3
exd4 9. Nxd4 Nc5 10. b4 Nxd3+ 11. Qxd3 c5 12. Nc2 cxb4 13. Ne2 Re8 14. f3 Nd7
0-1

[Event "10. Lichtenberger Sommer"]
[Site "Berlin"]
[Date "2011.08.14"]
[Round "2.37"]
[White "Horbach, Fabian"]
[Black "Fischer, Daniel"]
[Result "0-1"]
[WhiteElo "2022"]
[BlackElo "2109"]
[PlyCount "44"]
[EventDate "2011.??.??"]
[WhiteTeam "Schachverein 1949 Herzogenrath"]
[BlackTeam "SK Oberkirch"]

1. d4 d6 2. Nf3 g6 3. e3 Bg7 4. c4 Nd7 5. Nc3 e5 6. Be2 Ngf6 7. O-O O-O 8. b4
Re8 9. a4 e4 10. Nd2 Nf8 11. Qc2 Bf5 12. b5 h5 13. Nd5 N8h7 14. a5 Ng5 15. Bb2
Nf3+ 16. gxf3 exf3 17. Qd1 fxe2 18. Qxe2 Nxd5 19. cxd5 Bh3 20. Qf3 Bxf1 21.
Kxf1 Qd7 22. Qe2 c6 0-1

[Event "10. Lichtenberger Sommer"]
[Site "Berlin"]
[Date "2011.08.14"]
[Round "2.39"]
[White "Elsing, Jan"]
[Black "Cerdan Herraez, Manuel Vicente"]
[Result "1-0"]
[WhiteElo "2124"]
[BlackElo "1861"]
[PlyCount "55"]
[EventDate "2011.??.??"]
[WhiteTeam "SC Friesen Lichtenberg e.V."]
[BlackTeam "CIM Benimaclet Valencia"]

1. e4 e5 2. Nf3 Nc6 3. Bb5 d6 4. O-O Bg4 5. h3 Bd7 6. c3 Nf6 7. Re1 Be7 8. d4
exd4 9. cxd4 O-O 10. Nc3 a6 11. Bd3 Nb4 12. Bb1 c5 13. dxc5 dxc5 14. a3 Nc6 15.
e5 Ne8 16. Nd5 Be6 17. Qc2 g6 18. Nxe7+ Qxe7 19. Bg5 Qc7 20. Qxc5 Rc8 21. Be4
Ng7 22. Rac1 Qa5 23. Qxa5 Nxa5 24. Nd4 b6 25. b4 Nc4 26. Bb7 Rb8 27. Bxa6 Nxa3
28. Rc3 1-0

[Event "10. Lichtenberger Sommer"]
[Site "Berlin"]
[Date "2011.08.14"]
[Round "2.42"]
[White "Mayer, Herbert"]
[Black "Pappenheim, Rainer"]
[Result "1/2-1/2"]
[WhiteElo "1948"]
[BlackElo "2081"]
[PlyCount "51"]
[EventDate "2011.??.??"]
[WhiteTeam "SC Rochade e.V."]
[BlackTeam "SC Starnberg"]

1. f4 d5 2. b3 Nf6 3. Bb2 e6 4. Nf3 Be7 5. e3 O-O 6. Be2 b6 7. O-O Bb7 8. Ne5
Nbd7 9. Nxd7 Qxd7 10. d3 Rfd8 11. Nd2 a5 12. a4 Ne8 13. Nf3 f6 14. Kh1 c5 15.
Nd2 Nd6 16. Qe1 Nf5 17. Bg4 Nd6 18. Qg3 Rac8 19. Qh3 f5 20. Be2 c4 21. dxc4
dxc4 22. Bxc4 Nxc4 23. Nxc4 Bc5 24. Qg3 Rc7 25. Be5 Rcc8 26. Bf6 1/2-1/2

[Event "10. Lichtenberger Sommer"]
[Site "Berlin"]
[Date "2011.08.14"]
[Round "2.43"]
[White "Gretzer, Marcus"]
[Black "Stucki, Ramon"]
[Result "1-0"]
[WhiteElo "1748"]
[BlackElo "1964"]
[PlyCount "57"]
[EventDate "2011.??.??"]
[WhiteTeam "SC Kitzingen von 1905"]
[BlackTeam "Thun SK"]

1. Nf3 Nf6 2. g3 d5 3. d4 c5 4. Bg2 Nc6 5. O-O e6 6. b3 Qb6 7. c3 Bd6 8. Qd3
Bd7 9. Nbd2 O-O 10. e4 dxe4 11. Nxe4 Nxe4 12. Qxe4 cxd4 13. cxd4 Ne7 14. Ng5 g6
15. Qh4 h5 16. Ne4 Bb5 17. g4 Qxd4 18. Be3 Qg7 19. Nxd6 Bxf1 20. Rxf1 f6 21.
gxh5 g5 22. Qc4 Nd5 23. Bxd5 exd5 24. Qxd5+ Kh7 25. Rc1 Qd7 26. Qe4+ f5 27. Qe5
f4 28. Bd4 Rad8 29. Qe4+ 1-0

[Event "10. Lichtenberger Sommer"]
[Site "Berlin"]
[Date "2011.08.14"]
[Round "2.44"]
[White "Major, Vitalij"]
[Black "Bandsom, Olaf"]
[Result "1-0"]
[WhiteElo "2112"]
[BlackElo "1778"]
[PlyCount "63"]
[EventDate "2011.??.??"]
[WhiteTeam "SC Zitadelle Spandau 1977 e.V."]
[BlackTeam "SC Friesen Lichtenberg e.V."]

1. d4 d5 2. c4 e6 3. Nc3 Nf6 4. Nf3 Be7 5. Bg5 O-O 6. e3 c6 7. Bd3 dxc4 8. Bxc4
Nd5 9. Bxe7 Qxe7 10. Rc1 Nd7 11. O-O Rd8 12. Qc2 N7b6 13. Be2 Nd7 14. Rfd1 h6
15. e4 Nf4 16. Bf1 e5 17. d5 cxd5 18. Nxd5 Nxd5 19. Rxd5 Re8 20. Qc7 f6 21. a4
a6 22. g3 Qe6 23. Bc4 Kh7 24. Rd6 Qg4 25. Nh4 Nf8 26. Qf7 Be6 27. Bxe6 Nxe6 28.
Nf5 Nf4 29. Rxf6 Ne2+ 30. Kf1 Kh8 31. Rxh6+ gxh6 32. Qf6+ 1-0